000 00698nam a2200253Ia 4500
003 OSt
005 20220918180828.0
006 a|||||r|||| 00| 0
007 ta
008 220917b |||||||| |||| 00| 0 eng d
024 _a24,361
037 _cTextual
040 _aARTS
_cARTS
_beng
041 _2eng
_aeng
082 _aO1119561w'J, K2
100 _aWhight Louis B.
_957214
245 0 _aLife and letters in Tudor and Stuart England
260 _c1962
490 _aFirst folger series
650 _aENGLISH LITERATURE
700 _a LaMar Virginia A.
_957215
942 _hO1119561w'J, K2
_cTEXL
_2CC
999 _c163333
_d163333